| 000 | 00936nam a22002417a 4500 | ||
|---|---|---|---|
| 001 | 48127 | ||
| 003 | BD-RjUL | ||
| 005 | 20211209054450.0 | ||
| 008 | 160811s1990 ii ||||| |||| 00| 0 ben d | ||
| 020 | _c: IRs 1.00 | ||
| 035 | _a(BD-RjUL)48246 | ||
| 040 |
_aBD-RjUL _bben _cBD-RjUL |
||
| 041 | _aben | ||
| 082 |
_223 _a843 _bDUK 1990 |
||
| 100 |
_aডুমা, আলেকজান্ডার _9145843 |
||
| 245 | 1 | 0 |
_aদি কর্সিকান ব্রাদার্স / _c আলেকজান্ডার ডুমা |
| 260 |
_aকলিকাতা : _bএম.এল.দে., _c১৯৯০ ? |
||
| 300 |
_a৯০ পৃ. ; _c১৭ সেমি. |
||
| 650 |
_aফ্রান্স উপন্যাস _9124495 |
||
| 650 |
_aFrench Fiction _9122841 |
||
| 700 |
_aবন্দোপাধ্যায়, মানবেন্দ্রুমোহন, অনুবাদ _9145844 |
||
| 942 |
_2ddc _cBK |
||
| 999 |
_c48127 _d48127 |
||